Представление документа в формате MARC21

Поле Инд. ПП Название Значение
Тип записи a
Библиографический уровень m
001 Контрольный номер RU/IS/BASE/163349940
005 Дата корректировки 20250625163722.6
008 Кодируемые данные 20050305
022 a ISSN 0235-7089
041 a Код языка текста rus
084 a Индекс другой классификации/Индекс ББК 63; 63.3(2)
090 a Полочн. индекс 95.2
245 a Заглавие Родина
b Продолж. заглавия российский исторический иллюстрированный журнал
n Номер части/ раздела №2/2005
c Ответственность учредители: Правительство РФ, Администрация Президента РФ; гл. ред. В. П. Долматов
260 a Место издания Москва
c Дата издания 2005
b Издательство [б. и.]
300 a Объем 112 с.
500 a Примечание Журнал
650 a Основная рубрика история
a Основная рубрика исторические науки
653 a Ключевые слова Россия
773 w Контрольный № источника RU/IS/BASE/404493374
901 t Тип документа s
952 a Тип литературы для КСУ ВШ НПЖ